[Event "GER-ch U25"]
[Site "Willingen"]
[Date "2007.05.30"]
[Round "7"]
[White "Emde, Daniel"]
[Black "Lange, Marcus"]
[Result "1-0"]
[WhiteElo "1606"]
[BlackElo "1181"]
[PlyCount "51"]
[EventDate "2007.05.26"]
[EventType "swiss"]
[EventRounds "9"]
[EventCountry "GER"]
[SourceTitle "CBM 118 Extra"]
[Source "ChessBase"]
[SourceDate "2007.07.04"]
[SourceVersion "1"]
[SourceVersionDate "2007.07.04"]
[SourceQuality "1"]

1. d4 Nf6 2. Nf3 e6 3. c4 Be7 4. Nc3 0-0 5. Bf4 Nc6 6. e3 b6 7. Bd3 Bb7 8. a3 h6 9. h3 d5 10. 0-0 Bd6 11. Bxd6 Qxd6 12. b4 dxc4 13. Bxc4 e5 14. d5 Ne7 15. Nb5 Qd8 16. Nxe5 Nexd5 17. Nd4 Qd6 18. Nef3 c5 19. bxc5 Qxc5 20. Qb3 Rac8 21. Rac1 Rfd8 22. Rfe1 Rc7 23. Nb5 Re7 24. Nxa7 Bc6 25. Bb5 Qd6 26. Nxc6 1-0

[Event "GER-ch U25"]
[Site "Willingen"]
[Date "2007.05.26"]
[Round "1"]
[White "Emde, Daniel"]
[Black "Zentgraf, Robert"]
[Result "1/2-1/2"]
[WhiteElo "1606"]
[BlackElo "2110"]
[PlyCount "95"]
[EventDate "2007.05.26"]
[EventType "swiss"]
[EventRounds "9"]
[EventCountry "GER"]
[SourceTitle "CBM 118 Extra"]
[Source "ChessBase"]
[SourceDate "2007.07.04"]
[SourceVersion "1"]
[SourceVersionDate "2007.07.04"]
[SourceQuality "1"]

1. d4 Nf6 2. Bg5 g6 3. c4 Bg7 4. Nc3 0-0 5. e4 d6 6. Be2 Nbd7 7. Nf3 c5 8. 0-0 cxd4 9. Nxd4 Nc5 10. f3 Ne6 11. Be3 a5 12. Rb1 Bd7 13. Qd2 Nxd4 14. Bxd4 Bc6 15. Rfd1 Nd7 16. b3 Bxd4+ 17. Qxd4 Qb6 18. Qxb6 Nxb6 19. Nd5 Nxd5 20. cxd5 Bd7 21. f4 f6 22. Rbc1 Rfc8 23. Kf2 b6 24. a3 Rc5 25. Ke3 Rac8 26. Kd2 f5 27. b4 axb4 28. axb4 Rxc1 29. Rxc1 Rxc1 30. Kxc1 fxe4 31. Kd2 h5 32. g3 Kg7 33. Ke3 Bf5 34. Bd1 e6 35. Bb3 e5 36. fxe5 dxe5 37. d6 Kf8 38. Bd5 Ke8 39. Bc6+ Kd8 40. Ke2 Bd7 41. Bxe4 Bg4+ 42. Ke3 Kd7 43. Bxg6 Kxd6 44. h3 Bxh3 45. Bxh5 Kc6 46. Be2 Kd5 47. g4 Bxg4 48. Bxg4 1/2-1/2

[Event "NRW-ch U18"]
[Site "Wolfsburg"]
[Date "2004.04.15"]
[Round "5"]
[White "Beckmann, Emanuel"]
[Black "Emde, Daniel"]
[Result "1-0"]
[WhiteElo "1924"]
[BlackElo "1458"]
[PlyCount "61"]
[EventDate "2004.04.??"]
[EventType "swiss"]
[EventRounds "7"]
[EventCountry "GER"]
[SourceTitle "EXT 2005"]
[Source "ChessBase"]
[SourceDate "2004.11.15"]
[SourceVersion "1"]
[SourceVersionDate "2004.11.15"]
[SourceQuality "1"]

1. e4 e6 2. d3 d5 3. Nd2 c5 4. g3 Nc6 5. Bg2 Nf6 6. Ngf3 Be7 7. 0-0 b6 8. Re1 Bb7 9. e5 Nd7 10. Nf1 Qc8 11. h4 0-0 12. Bh3 Qc7 13. Bf4 Rae8 14. N1h2 Nd8 15. Ng4 Qc6 16. d4 f5 17. exf6 Nxf6 18. Nge5 Qb5 19. a4 Qa6 20. Bf1 b5 21. Bxb5 Qb6 22. c4 Bd6 23. dxc5 Bxc5 24. a5 Qc7 25. Ng6 Qc8 26. Nxf8 Rxf8 27. a6 Ba8 28. Ne5 Ne4 29. Rf1 Nf7 30. Bd7 Qd8 31. Bxe6 1-0

[Event "NRW-ch U18"]
[Site "Wolfsburg"]
[Date "2004.04.14"]
[Round "4"]
[White "Emde, Daniel"]
[Black "Himpenmacher, Andy"]
[Result "0-1"]
[WhiteElo "1458"]
[BlackElo "1668"]
[PlyCount "50"]
[EventDate "2004.04.??"]
[EventType "swiss"]
[EventRounds "7"]
[EventCountry "GER"]
[SourceTitle "EXT 2005"]
[Source "ChessBase"]
[SourceDate "2004.11.15"]
[SourceVersion "1"]
[SourceVersionDate "2004.11.15"]
[SourceQuality "1"]

1. d4 Nf6 2. Bg5 d5 3. e3 c6 4. Nd2 Bf5 5. c4 e6 6. Ngf3 Nbd7 7. a3 Be7 8. b4 0-0 9. h3 a5 10. c5 axb4 11. axb4 Rxa1 12. Qxa1 Qa8 13. Qb2 h6 14. Bf4 Ne4 15. Be2 Qa4 16. 0-0 Nxd2 17. Qxd2 b5 18. Ne5 Nxe5 19. dxe5 Ra8 20. Qb2 Qa2 21. Qxa2 Rxa2 22. Bf3 Ra4 23. Rc1 Rxb4 24. Bd1 Rb1 25. Rxb1 Bxb1 0-1

[Event "Suedwestfalen-ch U18"]
[Site "Meinerzhagen"]
[Date "2004.04.03"]
[Round "1"]
[White "Emde, Daniel"]
[Black "Kotainy, Gregor"]
[Result "1-0"]
[WhiteElo "1447"]
[BlackElo "1571"]
[PlyCount "79"]
[EventDate "2004.04.03"]
[EventType "tourn"]
[EventRounds "7"]
[EventCountry "GER"]
[SourceTitle "EXT 2006"]
[Source "ChessBase"]
[SourceDate "2005.11.24"]
[SourceVersion "1"]
[SourceVersionDate "2005.11.24"]
[SourceQuality "1"]

1. d4 Nf6 2. Bg5 d5 3. e3 e6 4. c4 Be7 5. Nc3 0-0 6. Bd3 c6 7. Nf3 h6 8. Bh4 Nbd7 9. c5 b6 10. b4 bxc5 11. bxc5 Qa5 12. Qc2 Ba6 13. 0-0 Rab8 14. Bxa6 Qxa6 15. h3 Kh8 16. Bg3 Rb7 17. Rfb1 Bd8 18. Rxb7 Qxb7 19. Rb1 Qc8 20. Qa4 a6 21. Bd6 Rg8 22. Ne5 Nxe5 23. Bxe5 Nd7 24. Bd6 Re8 25. Qb4 Bc7 26. Bxc7 Qxc7 27. Qb7 Qxb7 28. Rxb7 Nb8 29. Rxf7 Kg8 30. Rb7 Kh7 31. f4 Kg6 32. g4 Kf6 33. Ne2 g5 34. Ng3 gxf4 35. exf4 Kg6 36. Nh5 Rg8 37. Re7 a5 38. Rxe6+ Kf7 39. Rf6+ Ke7 40. Rxh6 1-0

[Event "Hochsauerland-ch U18"]
[Site "Foeckinghausen"]
[Date "2003.01.05"]
[Round "5"]
[White "Emde, Daniel"]
[Black "Wrede, Stefan"]
[Result "0-1"]
[WhiteElo "1343"]
[BlackElo "1988"]
[PlyCount "35"]
[EventDate "2003.01.??"]
[EventType "tourn"]
[EventRounds "5"]
[EventCountry "GER"]
[SourceTitle "EXT 2005"]
[Source "ChessBase"]
[SourceDate "2004.11.15"]
[SourceVersion "1"]
[SourceVersionDate "2004.11.15"]
[SourceQuality "1"]

1. d4 e6 2. Bf4 f5 3. e3 Nf6 4. c4 Bb4+ 5. Nc3 Bxc3+ 6. bxc3 0-0 7. Bd3 d6 8. f3 Qe8 9. Qd2 e5 10. Bg3 f4 11. Bf2 e4 12. Be2 Qg6 13. g4 exf3 14. Bxf3 fxe3 15. Bxe3 Nxg4 16. Bf2 Qe6+ 17. Kd1 Qxc4 18. h3 0-1

[Event "Hochsauerland-ch U18"]
[Site "Foeckinghausen"]
[Date "2003.01.03"]
[Round "1"]
[White "Das Neves, David"]
[Black "Emde, Daniel"]
[Result "1-0"]
[WhiteElo "1642"]
[BlackElo "1343"]
[PlyCount "49"]
[EventDate "2003.01.??"]
[EventType "tourn"]
[EventRounds "5"]
[EventCountry "GER"]
[SourceTitle "EXT 2005"]
[Source "ChessBase"]
[SourceDate "2004.11.15"]
[SourceVersion "1"]
[SourceVersionDate "2004.11.15"]
[SourceQuality "1"]

1. e4 e6 2. d4 d5 3. exd5 exd5 4. c4 Be6 5. Nc3 Nf6 6. Bg5 Be7 7. c5 0-0 8. Bd3 a6 9. Qc2 Re8 10. 0-0-0 g6 11. Nf3 Nc6 12. Ne2 Nb4 13. Qb3 Nxd3+ 14. Qxd3 Ne4 15. Bxe7 Rxe7 16. Rhf1 Bf5 17. Qb3 b6 18. Ne5 Bd7 19. f3 Nf6 20. c6 Be8 21. Rd2 Nh5 22. g4 Ng7 23. Nf4 f6 24. Nxd5 fxe5 25. Nf6+ 1-0

[Event "Hochsauerland-ch U16"]
[Site "Winterberg"]
[Date "2002.01.04"]
[Round "5"]
[White "Das Neves, David"]
[Black "Emde, Daniel"]
[Result "1-0"]
[WhiteElo "1540"]
[BlackElo "1237"]
[PlyCount "67"]
[EventDate "2002.01.02"]
[EventType "swiss"]
[EventRounds "5"]
[EventCountry "GER"]
[SourceTitle "EXT 2005"]
[Source "ChessBase"]
[SourceDate "2004.11.15"]
[SourceVersion "1"]
[SourceVersionDate "2004.11.15"]
[SourceQuality "1"]

1. e4 e6 2. d4 d5 3. exd5 exd5 4. c4 Be6 5. Nc3 Nf6 6. Bf4 a6 7. c5 Be7 8. Bd3 Nfd7 9. Nf3 b6 10. b4 b5 11. h3 Nc6 12. a3 Bf6 13. Bc2 Ndb8 14. 0-0 Qd7 15. Re1 Ne7 16. Bg5 Nbc6 17. Bxf6 gxf6 18. Nh4 0-0-0 19. Qd2 Rde8 20. Qf4 Kb8 21. Reb1 Reg8 22. Kh2 Qd8 23. a4 Kc8 24. axb5 axb5 25. Ra8+ Nb8 26. Nxb5 Nec6 27. Na7+ Kd7 28. Nxc6 Kxc6 29. b5+ Kd7 30. b6 c6 31. Qd6+ Ke8 32. Rxb8 Bd7 33. Re1+ Be6 34. Qxd8# 1-0